书目信息 |
| 题名: |
七七事变
|
|
| 作者: | 秦德纯 , 戴守义 著 | |
| 分册: | ||
| 出版信息: | 北京 中国文史出版社 2015.05 |
|
| 页数: | 370页 | |
| 开本: | 24cm | |
| 丛书名: | 正面战场 | |
| 单 册: | ||
| 中图分类: | K265.406 | |
| 科图分类: | ||
| 主题词: | 七·七事变--qi · qi shi bian--史料 | |
| 电子资源: | ||
| ISBN: | 978-7-5034-6301-3 | |
| 000 | 00934nam 2200265 450 | |
| 001 | CAL 0120151569463 | |
| 005 | 20150901165833.60 | |
| 010 | @a978-7-5034-6301-3@dCNY48.00 | |
| 100 | @a20150519d2015 em y0chiy50 ea | |
| 101 | 0 | @achi |
| 102 | @aCN@b110000 | |
| 105 | @ay z 000yy | |
| 200 | 1 | @a七七事变@Aqi qi shi bian@f戴守义, 秦德纯等著 |
| 210 | @a北京@c中国文史出版社@d2015.05 | |
| 215 | @a370页@d24cm | |
| 225 | 2 | @a正面战场@Azheng mian zhan chang@e原国民党将领抗日战争亲历记 |
| 330 | @a本书共分为五章, 主要内容包括: 七七事变和驻平部队的抵抗 ; 平津路抗战 ; 平绥路东段抗战 ; 平汉路北段抗战 ; 津浦路北段抗战。 | |
| 410 | 0 | @12001 @a正面战场 (原国民党将领抗日战争亲历记) |
| 606 | 0 | @a七·七事变@Aqi · qi shi bian@x史料 |
| 690 | @aK265.406@v5 | |
| 701 | 0 | @a秦德纯@Aqin de chun@4著 |
| 701 | 0 | @a戴守义@Adai shou yi@4著 |
| 801 | 0 | @aCN@b人天书店@c20150901 |
| 905 | @aZUCC@dK265.406@eD128-2@f2 | |
| 962 | @a5513143 | |
| 七七事变/戴守义, 秦德纯等著.-北京:中国文史出版社,2015.05 |
| 370页;24cm.-(正面战场:原国民党将领抗日战争亲历记) |
| ISBN 978-7-5034-6301-3:CNY48.00 |
| 本书共分为五章, 主要内容包括: 七七事变和驻平部队的抵抗 ; 平津路抗战 ; 平绥路东段抗战 ; 平汉路北段抗战 ; 津浦路北段抗战。 |
| ● |
| 相关链接 |
|
|
|
正题名:七七事变
索取号:K265.406/D128-2
 
预约/预借
| 序号 | 登录号 | 条形码 | 馆藏地/架位号 | 状态 | 备注 |
| 1 | 1158849 | 211588496 | 社科库309/309社科库 36排7列2层/ [索取号:K265.406/D128-2] | 在馆 | |
| 2 | 1158850 | 211588502 | 社科库309/309社科库 36排7列2层/ [索取号:K265.406/D128-2] | 在馆 |